Introduction to complex mediums for optics and electromagnetics (Record no. 15642)

MARC details
000 -LEADER
fixed length control field 00761nam a2200205Ia 4500
003 - CONTROL NUMBER IDENTIFIER
control field IN-BaIIA
008 - FIXED-LENGTH DATA ELEMENTS--GENERAL INFORMATION
fixed length control field 211028s9999 xx 000 0 eng d
020 ## - INTERNATIONAL STANDARD BOOK NUMBER
International Standard Book Number 0-8194-4947-4
040 ## - CATALOGING SOURCE
Transcribing agency IIA Library
080 ## - UNIVERSAL DECIMAL CLASSIFICATION NUMBER
Universal Decimal Classification number 535
Item number WEI
245 #0 - TITLE STATEMENT
Title Introduction to complex mediums for optics and electromagnetics
Statement of responsibility, etc. edited by W. S. Weiglhofer and A. Lakhtakia, ed.
260 ## - PUBLICATION, DISTRIBUTION, ETC.
Place of publication, distribution, etc. USA
Name of publisher, distributor, etc. The International Society for Optical Engineering
Date of publication, distribution, etc. 2003
300 ## - PHYSICAL DESCRIPTION
Extent xxxiii, 757p.
650 ## - SUBJECT ADDED ENTRY--TOPICAL TERM
Topical term or geographic name entry element Composite materials
9 (RLIN) 28836
650 ## - SUBJECT ADDED ENTRY--TOPICAL TERM
Topical term or geographic name entry element Nanostructure materials
9 (RLIN) 28837
650 ## - SUBJECT ADDED ENTRY--TOPICAL TERM
Topical term or geographic name entry element Optical materials: Electromagnetism- Materials
9 (RLIN) 28838
700 ## - ADDED ENTRY--PERSONAL NAME
Personal name Lakhtakia, A., ed.
9 (RLIN) 28839
700 ## - ADDED ENTRY--PERSONAL NAME
Personal name Weiglhofer, W. S., ed.
9 (RLIN) 28840
942 ## - ADDED ENTRY ELEMENTS (KOHA)
Koha item type Books
Holdings
Withdrawn status Lost status Damaged status Not for loan Home library Current library Shelving location Date acquired Source of acquisition Cost, normal purchase price Total Checkouts Full call number Barcode Date last seen Cost, replacement price Price effective from Koha item type Purchase Price
        IIA Library-Bangalore IIA Library-Bangalore General Stacks 22/03/2004 EDS 4302.55   535/ WEI 16564 05/11/2021 4302.55 22/03/2004 Books Rs. 4302.55

Powered by Koha